00777 a2200217 4500999001500000010001400015020002300029035001300052037001500065082001100080100001400091245008500105260004400190270005300234300003500287500005100322650001500373700002700388942003100415952011300446 c4527d4527 aENG-86342 a8120330795c295.00 aEN-69875 bDBAD / PUB14a621.511 aIlango, S1 aIntroduction to hydraulics and pneumatics /cby S. Ilango [and] V. Soundararajan aNew DelhibPrentice-Hall of Indiac2007 aM-97, Connaught CircusbNew DelhicDelhie110001 axv, 292 p.bill.c24 cm. (Pbk) aIncludes bibliographical references and index 0aHydraulics aSundararajan, V935740 adplcEN2ddch621.51 mILA 001040718NFICaDBADbDBADeDBAD/PUBg295.00l0o621.51 ILApEN-69875r2008-09-15 00:00:00t1v295.00yEN